| 000 | 00597nam a2200181Ia 4500 | ||
|---|---|---|---|
| 003 | LDD | ||
| 008 | 190327s9999 xx 000 0 und d | ||
| 020 | _c15000 | ||
| 040 | _cLDD | ||
| 082 | _a8H3.7 ना1664ज | ||
| 100 | _aनागर, जनार्दनराय | ||
| 245 | 0 | _aजगदगुरु शंकराचार्य | |
| 250 | _aसप्तक भाग | ||
| 260 |
_aउदयपुर _bसाहित्य संस्थान _c1991 |
||
| 500 | _aGifted by : प्रफुल्ल नागर (उदयपुर) | ||
| 942 |
_2ddc _cBK |
||
| 949 | _aG016046 | ||
| 999 |
_c193303 _d193303 |
||